El Difícil camino hacia la sociedad global /

El mundo supuestamente inaugurado por los ataques terroristas de septiembre de 2001 tiene poco de nuevo. Desde los años 90 ha sido suficientemente descrito en sus términos, riesgos y desafíos. En este nuevo contexto global, hay una tensión entre pluralismo y seguridad a la que el pensamiento progres...

Olles dieđut

Furkejuvvon:
Bibliográfalaš dieđut
Váldodahkki: Brunner, José Joaquín
Materiálatiipa: Texto
Fáttát:
Fáddágilkorat: Lasit fáddágilkoriid
Eai fáddágilkorat, Lasit vuosttaš fáddágilkora!

MARC

LEADER 00000 a a2200000 04500
001 10669
003
040
100 |a Brunner, José Joaquín  
245 |a El Difícil camino hacia la sociedad global /  |c José Joaquín Brunner 
520 |a El mundo supuestamente inaugurado por los ataques terroristas de septiembre de 2001 tiene poco de nuevo. Desde los años 90 ha sido suficientemente descrito en sus términos, riesgos y desafíos. En este nuevo contexto global, hay una tensión entre pluralismo y seguridad a la que el pensamiento progresista debería prestar mayor atención de manera de diseñar un horizonte humano de valores que evite que uno de los polos de la tensión crezca a expensas del otro. REV/WMV  
650 |a TERRORISMO  
650 |a GLOBALIZACION  
650 |a SOCIEDAD  
650 |a DEMOCRACIA  
650 |a PLURALISMO POLITICO  
650 |a TEORIA POLITICA  
773 |g número 177; páginas 78-83  
999 |c 38912  |d 38912